| 000 | 01281nam a22004210a 4500 | ||
|---|---|---|---|
| 001 | UByD001948 | ||
| 003 | AR-LpoUNG | ||
| 005 | 20240819153629.0 | ||
| 008 | 230910s2018||||ag |||||||||||||||||spa d | ||
| 020 | _a9789876303910 | ||
| 040 |
_aAR-LpoUNG _bspa _eaacr |
||
| 041 | _aspa | ||
| 044 | _aag | ||
| 082 | 0 | _a407 271lec | |
| 100 | 1 |
_aNatale, Lucía _eorg. |
|
| 245 | 1 | 3 |
_aLa lectura y la escritura en las disciplinas : _blineamientos para sus enseñanza |
| 250 | _a1ra. ed. | ||
| 260 |
_aBuenos Aires : _bUniversidad Nacional de General Sarmiento, _c2018. |
||
| 300 |
_a280 p. : _btbls. |
||
| 490 | 0 |
_aEducación ; _vno. 27. |
|
| 650 | 4 | _aENSEÑANZA SUPERIOR | |
| 650 | 4 | _aESCRITURA | |
| 650 | 4 | _aLECTURA | |
| 650 | 4 | _aLITERATURA | |
| 650 | 4 | _aLENGUA ESCRITA | |
| 650 | 4 | _aENSEÑANZA DE LA LECTURA | |
| 650 | 4 | _aENSEÑANZA DE LA ESCRITURA | |
| 650 | 4 | _aENSEÑANZA DE LA LITERATURA | |
| 650 | 4 | _aENSEÑANZA DE LAS CIENCIAS SOCIALES | |
| 650 | 4 | _aFORMACION DEL PERSONAL DOCENTE | |
| 650 | 4 | _aESTUDIANTE UNIVERSITARIO | |
| 653 | 0 | _aENSAYO ACADEMICO | |
| 653 | 0 | _aESCRITURA ACADEMICA | |
| 700 | 1 | _aStagnaro, Daniela | |
| 856 | 4 | 0 |
_uhttp://repositorio.ungs.edu.ar:8080/xmlui/handle/UNGS/822 _yTexto completo |
| 905 | _a44382 | ||
| 942 |
_cLIB _2ddc |
||
| 999 |
_c64461 _d64461 |
||